000 00660nam a2200253 a 4500
003 AR-BaBNM
005 20251128204505.0
008 082120s2002 ||||||||||||||000 | spa||
040 _cAR-BaBNM
100 1 _aPfister, Oskar
245 0 0 _aEl psicoanálisis y la educación
250 _a6ª ed.
260 _aBuenos Aires
_bLosada
_c1969
300 _a159 p.
490 0 _aBiblioteca pedagógica
650 4 _aPSICOLOGIA DE LA EDUCACION
650 4 _aPSICOANALISIS
650 4 _aPEDAGOGIA EXPERIMENTAL
650 4 _aPSICOLOGIA APLICADA
653 _aMETODOS EDUCATIVOS
800 1 _aLuzuriaga, Lorenzo
_edirector
942 _cBK
998 _cGrace
999 _c7621
_d7621